Online
Catalog

Del edén peraviano : (Record no. 9476)

MARC details
000 -CABECERA
campo de control de longitud fija 00834nam a2200241 a 4500
001 - NÚMERO DE CONTROL
campo de control 000009716
003 - IDENTIFICADOR DEL NÚMERO DE CONTROL
campo de control OSt
005 - FECHA Y HORA DE LA ÚLTIMA TRANSACCIÓN
campo de control 20240412074212.0
008 - DATOS DE LONGITUD FIJA--INFORMACIÓN GENERAL
campo de control de longitud fija 091001s1989 dr a r 000 p spa d
040 ## - FUENTE DE LA CATALOGACIÓN
Centro catalogador/agencia de origen DO-SdBNP
Lengua de catalogación spa
Centro/agencia transcriptor BNPHU
082 ## - NÚMERO DE LA CLASIFICACIÓN DECIMAL DEWEY
Número de clasificación RD861.44
Número de documento/Ítem C117e
100 1# - ENTRADA PRINCIPAL--NOMBRE DE PERSONA
Nombre de persona Cabral Billini, Aquiles
9 (RLIN) 24617
245 10 - MENCIÓN DE TÍTULO
Título Del edén peraviano :
Resto del título décimas /
Mención de responsabilidad, etc. Aquiles Cabral Billini ; prólogo Huchi Lora ; edición Atala Cabral de Poladura.
260 ## - PUBLICACIÓN, DISTRIBUCIÓN, ETC.
Lugar de publicación, distribución, etc. Baní, República Dominicana :
Nombre del editor, distribuidor, etc. Intergrafic,
Fecha de publicación, distribución, etc. 1989.
300 ## - DESCRIPCIÓN FÍSICA
Extensión 92 p. :
Otras características físicas il. ;
Dimensiones 21 cm.
590 ## - NOTA LOCAL (RLIN)
Nota local Inventariado, 2019/BT
650 #4 - PUNTO DE ACCESO ADICIONAL DE MATERIA--TÉRMINO DE MATERIA
Término de materia o nombre geográfico como elemento de entrada Poesía popular dominicana
9 (RLIN) 24618
650 #0 - PUNTO DE ACCESO ADICIONAL DE MATERIA--TÉRMINO DE MATERIA
Término de materia o nombre geográfico como elemento de entrada Literatura dominicana.
9 (RLIN) 67
700 1# - PUNTO DE ACCESO ADICIONAL--NOMBRE DE PERSONA
Nombre de persona Cabral de Poladura, Atala,
Término indicativo de función/relación ed.
9 (RLIN) 24619
700 1# - PUNTO DE ACCESO ADICIONAL--NOMBRE DE PERSONA
Nombre de persona Lora, Huchi,
Término indicativo de función/relación pról.
9 (RLIN) 19605
910 ## - DATOS DE OPCIÓN DEL USUARIO (OCLC)
Datos de opción del usuario Validado. Control de calidad MFF
942 ## - ELEMENTOS DE PUNTO DE ACCESO ADICIONAL (KOHA)
Fuente del sistema de clasificación o colocación Dewey Decimal Classification
Tipo de ítem Koha Libro
Holdings
Estado de retiro Estado de pérdida No para préstamo Código de colección Localización permanente Ubicación/localización actual Ubicación en estantería Fecha de adquisición Número de inventario Total de préstamos Signatura topográfica completa Código de barras Fecha visto por última vez Número de copia Precio válido a partir de Tipo de ítem Koha Fuente del sistema de clasificación o colocación Fuente de adquisición
      Monografías: Libros y Folletos Biblioteca Nacional Pedro Henríquez Ureña Biblioteca Nacional Pedro Henríquez Ureña En catalogación 13.01.2021     RD861.44 C117e   13.01.2021 e.3 13.01.2021 Libro Dewey Decimal Classification Donado por manuel Ortìz
  Extraviado Excluido de préstamo Patrimonio Dominicano Patrimonio Dominicano Patrimonio Dominicano Extraviado 30.10.2018 LF1   RD861.44 C117e 9716-20 25.06.2020 e. 2 25.06.2020 Libro y Folleto Colección Patrimonio Dominicano    
    Excluido de préstamo Patrimonio Dominicano Patrimonio Dominicano Patrimonio Dominicano Depósito 01.10.2009 LF1   RD861.44 C117e 9716-10 25.06.2020   25.06.2020 Libro y Folleto Colección Patrimonio Dominicano    

Powered by Koha